000 nam a22 7a 4500
999 _c15712
_d15712
008 161103b xxu||||| |||| 00| 0 eng d
020 _a0313321833
020 _a9780313321832
020 _a0313321841
020 _a9780313321849
020 _a031332185X
020 _a9780313321856
020 _a0313321868
020 _a9780313321863
020 _a0313321876
020 _a9780313321870
020 _a 0313321884
020 _a9780313321887
050 _aGE 105 .M66 2004
100 _aMongillo, John F.
245 _aTeen guides to environmental science
_bearth systems and ecology (vol. 1)/
_cJohn F. Mongillo with assistance from Peter A. Mongillo
260 _aWestport, Conn. :
_bGreenwood Press,
_c2004.
300 _axv, 203p. :
_bill. ;
500 _aIncludes bibliography and index.
650 _aEnvironmental sciences.
650 _a Human ecology.
650 _aNature -- Effect of human beings on.
700 _a Mongillo, Peter A.
942 _2lcc
_cBOOKS
_hGE 105 .M66 2004
_01